[Event "C.to Mondiale U12"]
[Site "Al Ain UAE"]
[Date "2013.12.18"]
[Round "1"]
[White "Di Benedetto, Edoardo"]
[Black "Al Amoudy, Saif"]
[WhiteElo "1955"]
[BlackElo "1452"]
[Result "1-0"]
[PlyCount "47"]
[EventDate "2013.12.18"]

1. e4 c5 2. Nf3 e6 3. g3 d6 4. Bg2 Nc6 5. O-O Nf6 6. Qe2 Qc7 7. c3 Nd7 8. d4
cxd4 9. cxd4 e5 10. d5 Ncb8 11. Bg5 b6 12. Rc1 Qb7 13. Qc4 Na6 14. Na3 h6 15.
Be3 Be7 16. Qe2 Nf6 17. Nd2 O-O 18. f4 Bg4 19. Qd3 Rac8 20. fxe5 dxe5 21. Nac4
Nd7 22. Nb3 Nb4 23. Qd2 Bh5 24. d6 1-0

[Event "C.to Mondiale U12"]
[Site "Al Ain UAE"]
[Date "2013.12.19"]
[Round "2"]
[White "Katenov, Aibek"]
[Black "Di Benedetto, Edoardo"]
[WhiteElo "1686"]
[BlackElo "1955"]
[Result "1-0"]
[PlyCount "107"]
[EventDate "2013.12.18"]

1. e4 e6 2. d4 d5 3. Nc3 Nf6 4. exd5 exd5 5. Nf3 Bd6 6. Be2 Bf5 7. O-O O-O 8.
Nb5 Ne4 9. Nxd6 Nxd6 10. Bg5 f6 11. Bf4 Nc6 12. a3 Na5 13. Re1 Re8 14. Bf1 Rxe1
15. Qxe1 Nc6 16. Rc1 Qd7 17. b3 Be4 18. Nd2 Re8 19. Qd1 Bg6 20. Nf3 Ne4 21. c4
Ne7 22. Nd2 c6 23. Nxe4 Bxe4 24. Qd2 Rd8 25. c5 Re8 26. h3 Bg6 27. Rd1 Nf5 28.
f3 Qe6 29. a4 Ne3 30. Rc1 Nxf1 31. Rxf1 Qe2 32. Qb4 Bd3 33. Ra1 Qb2 34. Re1
Rxe1+ 35. Qxe1 Qe2 36. Qa5 Ba6 37. Kh2 Qe7 38. b4 Bf1 39. Kg1 Qe2 40. Qd8+ Kf7
41. Qd7+ Kg8 42. Qg4 Kf7 43. h4 Qe1 44. Bg3 Qe2 45. Bf2 Qd1 46. Qd7+ Kf8 47.
Qc8+ Kf7 48. Qxb7+ Kg6 49. h5+ Kh6 50. Be3+ g5 51. Qf7 Bxg2+ 52. Kxg2 Qc2+ 53.
Kg3 Qf5 54. b5 1-0

[Event "C.to Mondiale U12"]
[Site "Al Ain UAE"]
[Date "2013.12.19"]
[Round "2"]
[White "Pitzanti, Matteo"]
[Black "Matviishen, Viktor"]
[WhiteElo "1850"]
[BlackElo "2154"]
[Result "0-1"]
[PlyCount "106"]
[EventDate "2013.12.18"]

1. e4 c5 2. Nf3 d6 3. d4 cxd4 4. Nxd4 Nf6 5. Nc3 a6 6. Be3 e5 7. Nb3 Be6 8. f3
h5 9. h4 Nbd7 10. Qd2 Be7 11. O-O-O Rc8 12. Kb1 Qc7 13. Qf2 O-O 14. Rg1 b5 15.
Nd5 Nxd5 16. exd5 Bxh4 17. g3 Bf5 18. Bd3 Bxd3 19. Rxd3 Bf6 20. g4 hxg4 21. Rc3
Qb7 22. Rh1 Rfe8 23. Qh2 g6 24. Rc6 g3 25. Qh7+ Kf8 26. Na5 Qb8 27. Rxc8 Rxc8
28. Nc6 Rxc6 29. dxc6 g2 30. Rg1 Nc5 31. Bg5 Ke7 32. Bxf6+ Kxf6 33. Qh4+ Ke6
34. b4 Na4 35. Qg4+ Kd5 36. Qd7 Qb6 37. Rd1+ Kc4 38. Qxf7+ Kxb4 39. Qb3+ Ka5
40. c3 Qxc6 41. Qb4+ Kb6 42. Kc2 d5 43. Rg1 d4 44. Rxg2 Nxc3 45. Qf8 Ka5 46.
Qd8+ Ka4 47. Qg8 Nd5+ 48. Kb1 Qc4 49. Qxg6 Nc3+ 50. Kc2 Qxa2+ 51. Kd3 Qb1+ 52.
Rc2 Qd1+ 53. Rd2 Qf1+ 0-1

[Event "C.to Mondiale U12"]
[Site "Al Ain UAE"]
[Date "2013.12.20"]
[Round "3"]
[White "Di Benedetto, Edoardo"]
[Black "Sahki, Saphir"]
[WhiteElo "1955"]
[BlackElo "1699"]
[Result "1-0"]
[PlyCount "133"]
[EventDate "2013.12.18"]

1. e4 e5 2. Nf3 Nc6 3. Bb5 a6 4. Ba4 Nf6 5. Bxc6 dxc6 6. d3 Bd6 7. O-O O-O 8.
Bg5 h6 9. Bh4 Bg4 10. h3 Bh5 11. Nbd2 b5 12. c3 c5 13. Qc2 Qe7 14. Bg3 Bg6 15.
Rfe1 Rfd8 16. Rad1 c6 17. Nf1 Nh5 18. Bh4 f6 19. Bg3 Nxg3 20. Nxg3 Bc7 21. Nh4
Bf7 22. Nhf5 Qe6 23. Qd2 Bg6 24. Qe2 Bxf5 25. Nxf5 Kh7 26. Qg4 Qf7 27. Re3 Rd7
28. Rg3 g6 29. Nh4 Rg8 30. a3 Bd8 31. Re1 Qe8 32. Rge3 Bb6 33. Rf3 Rd6 34. Rg3
h5 35. Qe2 Qd7 36. Nf5 Re6 37. Rd1 Qe8 38. Ne3 Rd6 39. Nf1 Qf7 40. Nh2 Rgd8 41.
Nf3 a5 42. Nh4 g5 43. Nf5 R6d7 44. h4 g4 45. Qe3 Qg6 46. b4 axb4 47. axb4 Ra8
48. bxc5 Ba5 49. Rc1 b4 50. cxb4 Bxb4 51. Rb1 Rb7 52. d4 Rb5 53. Qe2 Qg8 54.
Rgb3 Ra4 55. d5 Qb8 56. Qe3 Qf8 57. d6 Bxc5 58. Qd2 Rxb3 59. Rxb3 Ra7 60. d7
Bd4 61. Rb8 Bxf2+ 62. Kxf2 Qc5+ 63. Ne3 Ra3 64. d8=Q g3+ 65. Kf3 Ra7 66. Qg8+
Kh6 67. Nf5# 1-0

[Event "C.to Mondiale U12"]
[Site "Al Ain UAE"]
[Date "2013.12.20"]
[Round "3"]
[White "Gantsooj, Ganzorig"]
[Black "Pitzanti, Matteo"]
[WhiteElo "1647"]
[BlackElo "1850"]
[Result "1-0"]
[PlyCount "71"]
[EventDate "2013.12.18"]

1. e4 c5 2. Nf3 d6 3. d4 cxd4 4. Nxd4 Nf6 5. Nc3 a6 6. f3 e5 7. Nb3 Be6 8. Be3
Nbd7 9. Qd2 Be7 10. O-O-O Qc7 11. g4 h6 12. Kb1 b5 13. h4 Nb6 14. Qg2 Nfd7 15.
f4 Nc4 16. Bc1 exf4 17. e5 Rc8 18. exd6 Bxd6 19. Re1 Be5 20. Bd3 b4 21. Nd5 Qd6
22. Be4 a5 23. Rd1 Qb8 24. Nd4 a4 25. g5 h5 26. g6 Bxd5 27. Bxd5 Bxd4 28. gxf7+
Kf8 29. Rxd4 Ne3 30. Bxe3 fxe3 31. Rg1 Qe5 32. Re4 Qf6 33. Re6 Qd4 34. Qg6 Qd1+
35. Rxd1 Nf6 36. Re8+ 1-0

[Event "C.to Mondiale U12"]
[Site "Al Ain UAE"]
[Date "2013.12.21"]
[Round "4"]
[White "Leisch, Lukas"]
[Black "Di Benedetto, Edoardo"]
[WhiteElo "1749"]
[BlackElo "1955"]
[Result "0-1"]
[PlyCount "42"]
[EventDate "2013.12.18"]

1. c4 e5 2. Nc3 Nc6 3. g3 Nf6 4. Bg2 Bc5 5. e3 d6 6. Nge2 Bg4 7. d3 O-O 8. O-O
Qd7 9. a3 a5 10. Qc2 Bh3 11. b3 Bxg2 12. Kxg2 h6 13. Bb2 Nh7 14. h4 f5 15. Rad1
f4 16. exf4 exf4 17. Kh2 f3 18. Nc1 Nf6 19. Rde1 Ng4+ 20. Kg1 Nxf2 21. Rxf2 Qh3
0-1

[Event "C.to Mondiale U12"]
[Site "Al Ain UAE"]
[Date "2013.12.21"]
[Round "4"]
[White "Pitzanti, Matteo"]
[Black "Heier, Odin Nikolai"]
[WhiteElo "1850"]
[BlackElo "1470"]
[Result "1-0"]
[PlyCount "65"]
[EventDate "2013.12.18"]

1. e4 e5 2. Nf3 Nf6 3. Nxe5 d6 4. Nf3 Nxe4 5. d4 d5 6. Bd3 Nc6 7. O-O Be7 8.
Re1 f5 9. c4 Nf6 10. Nc3 O-O 11. cxd5 Nb4 12. Qb3 Bd6 13. Bc4 b6 14. a3 Na6 15.
Ne5 Bb7 16. Nb5 Kh8 17. Bg5 Nb8 18. Qh3 Kg8 19. Nc6 Qd7 20. Nxd6 Qxd6 21. Re6
Qd7 22. Ne7+ Kf7 23. Bxf6 gxf6 24. Qh5+ Kg7 25. Nxf5+ Kh8 26. Re7 Qxe7 27. Nxe7
Kg7 28. Nf5+ Kh8 29. Qh6 Rf7 30. d6 Nd7 31. Bxf7 Rg8 32. Bxg8 Be4 33. Qg7# 1-0

[Event "C.to Mondiale U12"]
[Site "Al Ain UAE"]
[Date "2013.12.21"]
[Round "5"]
[White "Di Benedetto, Edoardo"]
[Black "Gadimbayli, Abdulla Azar Oglu"]
[WhiteElo "1955"]
[BlackElo "2072"]
[Result "0-1"]
[PlyCount "156"]
[EventDate "2013.12.18"]

1. e4 e6 2. d4 d5 3. Nc3 Nf6 4. Bg5 dxe4 5. Nxe4 Nbd7 6. Nxf6+ Nxf6 7. Nf3 c5
8. Bb5+ Bd7 9. Bxd7+ Qxd7 10. O-O cxd4 11. Qxd4 Qxd4 12. Nxd4 Ne4 13. Be3 Bc5
14. c3 O-O 15. Nc2 Rfd8 16. Rfd1 Kf8 17. Kf1 Ke7 18. Ke2 Rac8 19. f3 Bxe3 20.
Nxe3 Nc5 21. Rxd8 Rxd8 22. Rd1 Rxd1 23. Nxd1 e5 24. Nf2 f5 25. Nd3 Nd7 26. c4
Ke6 27. b4 e4 28. fxe4 fxe4 29. Nf2 Ke5 30. Ke3 Nb6 31. Nxe4 Nxc4+ 32. Kd3 Nb2+
33. Ke3 Nd1+ 34. Kd3 Nb2+ 35. Ke3 Kd5 36. Ng5 Kc4 37. Nxh7 Kxb4 38. h4 Ka3 39.
g4 Kxa2 40. h5 Nc4+ 41. Kd4 b5 42. Kc5 a6 43. Ng5 Ne5 44. Ne6 Nd3+ 45. Kb6 b4
46. Nd4 b3 47. Nxb3 Kxb3 48. Kxa6 Kc4 49. g5 Ne5 50. Kb6 Kd5 51. h6 g6 52. Kc7
Ke6 53. h7 Nf7 54. Kc6 Ke7 55. Kd5 Kf8 56. Ke6 Kg7 57. Ke7 Nh6 58. gxh6+ Kxh7
59. Kf6 Kxh6 60. Ke5 Kh5 61. Kf4 Kh4 62. Kf3 g5 63. Kg2 Kg4 64. Kh2 Kf3 65. Kh3
g4+ 66. Kh2 Kf2 67. Kh1 Kg3 68. Kg1 Kh3 69. Kh1 g3 70. Kg1 g2 71. Kf2 Kh2 72.
Kf3 g1=Q 73. Ke4 Qd1 74. Kf4 Qe2 75. Kg5 Qf3 76. Kg6 Qf4 77. Kg7 Qf5 78. Kh8
Qg5 0-1

[Event "C.to Mondiale U12"]
[Site "Al Ain UAE"]
[Date "2013.12.21"]
[Round "5"]
[White "Katenov, Aibek"]
[Black "Pitzanti, Matteo"]
[WhiteElo "1686"]
[BlackElo "1850"]
[Result "1-0"]
[PlyCount "167"]
[EventDate "2013.12.18"]

1. d4 Nf6 2. Nf3 g6 3. Bf4 Bg7 4. e3 O-O 5. h3 d6 6. Be2 Nbd7 7. O-O c5 8. c4
Qb6 9. Qc2 Re8 10. Nc3 Nf8 11. Bh2 cxd4 12. exd4 Bd7 13. Rad1 Rac8 14. Rfe1 Qa5
15. Qd2 a6 16. a3 Qd8 17. b4 Bf5 18. Bf1 d5 19. c5 Ne4 20. Nxe4 Bxe4 21. Qe3
Ne6 22. Be5 Bc2 23. Rd2 Ba4 24. Bd3 Rc6 25. Bc2 Bxc2 26. Rxc2 Nc7 27. Bxg7 Kxg7
28. Qb3 Rf6 29. a4 Qd7 30. Rb2 Ra8 31. Rbe2 Re6 32. Rxe6 Nxe6 33. b5 axb5 34.
axb5 Ra5 35. Rb1 Nc7 36. b6 Na6 37. Ne5 Qf5 38. c6 bxc6 39. Nxc6 Ra3 40. Qb2
Ra4 41. b7 Rc4 42. Rc1 Qf4 43. Rxc4 dxc4 44. Qa1 Qd2 45. d5+ f6 46. Nd4 Nb8 47.
Ne6+ Kh6 48. Qd4 Qe1+ 49. Kh2 Qe5+ 50. f4 Qxd4 51. Nxd4 c3 52. Kg3 Kg7 53. Kf2
Kf7 54. Ke2 c2 55. Kd2 Na6 56. Nc6 c1=Q+ 57. Kxc1 g5 58. f5 Ke8 59. b8=Q+ Nxb8
60. Nxb8 Kd8 61. Nc6+ Kd7 62. Kd2 Kd6 63. g4 Kxd5 64. Nxe7+ Ke4 65. Ke2 Kf4 66.
Kf2 Ke4 67. Ng8 Ke5 68. Ke3 h5 69. gxh5 Kxf5 70. Ne7+ Ke6 71. h6 Kf7 72. Nf5
Kg8 73. Ke4 Kh7 74. Kd5 Kg6 75. Ke6 g4 76. hxg4 Kh7 77. Kxf6 Kg8 78. Ne3 Kh8
79. g5 Kh7 80. g6+ Kxh6 81. g7 Kh7 82. Kf7 Kh6 83. g8=Q Kh5 84. Qg6+ 1-0

[Event "C.to Mondiale U12"]
[Site "Al Ain UAE"]
[Date "2013.12.22"]
[Round "6"]
[White "Pitzanti, Matteo"]
[Black "Theekshana, H.G. Denuwan"]
[WhiteElo "1850"]
[BlackElo "1575"]
[Result "1-0"]
[PlyCount "81"]
[EventDate "2013.12.18"]

1. e4 c5 2. Nf3 Nc6 3. Bb5 a6 4. Bxc6 bxc6 5. c3 d5 6. exd5 cxd5 7. d4 cxd4 8.
cxd4 e6 9. O-O Nf6 10. Nc3 Be7 11. a3 O-O 12. b4 Bd7 13. Ne5 h6 14. Nd3 Bd6 15.
h3 Qc7 16. Bb2 Rfc8 17. Rc1 Qd8 18. Re1 Rcb8 19. Nc5 Be8 20. Qd2 Qc7 21. Ne2
Qb6 22. Nf4 a5 23. Nfd3 Bb5 24. Bc3 a4 25. Qe3 Re8 26. Qf3 Qa7 27. Bd2 Qe7 28.
Ne5 Kh7 29. Bf4 Rad8 30. Bg3 Rf8 31. Bh4 g5 32. Bg3 Nd7 33. Nexd7 Bxd7 34. Bxd6
Qxd6 35. Nb7 Qe7 36. Nxd8 Rxd8 37. Qxd5 exd5 38. Rxe7 Be6 39. Rcc7 Ra8 40. Rxe6
Kg7 41. Ree7 1-0

[Event "C.to Mondiale U12"]
[Site "Al Ain UAE"]
[Date "2013.12.22"]
[Round "6"]
[White "Sadiqli, Aslan Mubariz"]
[Black "Di Benedetto, Edoardo"]
[WhiteElo "1730"]
[BlackElo "1955"]
[Result "0-1"]
[PlyCount "106"]
[EventDate "2013.12.18"]

1. e4 e6 2. d4 d5 3. e5 c5 4. c3 Nc6 5. Nf3 Qb6 6. a3 f6 7. exf6 Nxf6 8. b4
cxd4 9. cxd4 Bd6 10. Bd3 O-O 11. O-O e5 12. dxe5 Nxe5 13. Be2 Bg4 14. Nbd2 Kh8
15. Bb2 Nxf3+ 16. Nxf3 Bxf3 17. Bxf3 Qc7 18. g3 Be5 19. Rc1 Qd6 20. Bd4 b6 21.
Bg2 Rac8 22. f4 Rxc1 23. Bxe5 Rxd1 24. Bxd6 Rxf1+ 25. Kxf1 Rd8 26. Be5 Ng4 27.
Bc7 Rd7 28. Be5 Nxe5 29. fxe5 Re7 30. Bxd5 Rxe5 31. Bb7 Re3 32. a4 Rb3 33. b5
Rb4 34. Kf2 Rxa4 35. Ke3 Ra5 36. Ba6 Ra2 37. h3 Rb2 38. g4 Rb3+ 39. Kd4 Rxh3
40. Kd5 Rg3 41. Bc8 Rc3 42. Bd7 g6 43. Kd6 h5 44. gxh5 gxh5 45. Bc6 h4 46. Kc7
h3 47. Kb8 Ra3 48. Kb7 h2 49. Bh1 Ra1 50. Bc6 h1=Q 51. Bxh1 Rxh1 52. Kxa7 Rh6
53. Ka6 Kg7 0-1

[Event "C.to Mondiale U12"]
[Site "Al Ain UAE"]
[Date "2013.12.23"]
[Round "7"]
[White "Gaifullin, Artur"]
[Black "Di Benedetto, Edoardo"]
[WhiteElo "2061"]
[BlackElo "1955"]
[Result "1/2-1/2"]
[PlyCount "77"]
[EventDate "2013.12.18"]

1. d4 d5 2. c4 e6 3. Nc3 Nf6 4. Bg5 c6 5. cxd5 exd5 6. Qc2 Bg4 7. Nf3 Bxf3 8.
gxf3 Nbd7 9. Bh3 Qc7 10. e4 dxe4 11. fxe4 h6 12. Bxf6 Nxf6 13. e5 Nd7 14. O-O-O
O-O-O 15. d5 Kb8 16. d6 Qb6 17. Bxd7 Rxd7 18. Rhe1 g6 19. Kb1 Bg7 20. Na4 Qb5
21. Nc5 Rdd8 22. e6 fxe6 23. Nxe6 Rd7 24. Nxg7 Rxg7 25. Qc3 Qf5+ 26. Kc1 Rhg8
27. Re5 Qf4+ 28. Kb1 Rd7 29. Qb3 Rgd8 30. Re7 Rxe7 31. dxe7 Rxd1+ 32. Qxd1 Qe4+
33. Qc2 Qe1+ 34. Qc1 Qxe7 35. Qxh6 Qe1+ 36. Kc2 Qxf2+ 37. Kc1 Qf6 38. Qe3 Qf1+
39. Kc2 1/2-1/2

[Event "C.to Mondiale U12"]
[Site "Al Ain UAE"]
[Date "2013.12.23"]
[Round "7"]
[White "Macko, Miroslav"]
[Black "Pitzanti, Matteo"]
[WhiteElo "1699"]
[BlackElo "1850"]
[Result "0-1"]
[PlyCount "118"]
[EventDate "2013.12.18"]

1. d4 d5 2. Nf3 Nf6 3. c4 e6 4. Nc3 c6 5. e3 dxc4 6. Bxc4 b5 7. Bd3 Be7 8. O-O
Bb7 9. b3 Nbd7 10. Bb2 O-O 11. Rc1 a6 12. Bb1 Rc8 13. Qd3 c5 14. dxc5 Nxc5 15.
Qe2 b4 16. Nd1 a5 17. Bd4 Ba6 18. Qb2 Bxf1 19. Kxf1 Qd7 20. Ne5 Qb5+ 21. Kg1
Rfd8 22. f3 a4 23. Nc4 axb3 24. axb3 Ncd7 25. f4 Bc5 26. Nf2 Bxd4 27. Qxd4 Nb6
28. Qb2 Nxc4 29. bxc4 Rxc4 30. Bd3 Rxc1+ 31. Qxc1 Qb6 32. Bb1 b3 33. h3 Nd5 34.
e4 Ne3 35. Kh2 b2 36. Qe1 Nc4 37. Nd3 Na3 38. e5 Qd4 39. Nxb2 Qxb2 40. Bxh7+
Kf8 41. Qh4 Qb6 42. Be4 Rd1 43. Qh8+ Ke7 44. Qxg7 Qg1+ 45. Kg3 Qe1+ 46. Kf3 Qh4
47. g3 Qh5+ 48. Qg4 Rf1+ 49. Ke2 Qxg4+ 50. hxg4 Rg1 51. Kf2 Ra1 52. g5 Nc4 53.
Bd3 Ra2+ 54. Kf3 Ra3 55. Ke2 Nb2 56. Be4 Rxg3 57. Kf2 Ra3 58. g6 fxg6 59. Bxg6
Nd3+ 0-1

[Event "C.to Mondiale U12"]
[Site "Al Ain UAE"]
[Date "2013.12.24"]
[Round "8"]
[White "Di Benedetto, Edoardo"]
[Black "Fakhrutdinov, Timur"]
[WhiteElo "1955"]
[BlackElo "2121"]
[Result "0-1"]
[PlyCount "108"]
[EventDate "2013.12.18"]

1. e4 c5 2. Nf3 d6 3. d4 cxd4 4. Qxd4 a6 5. c4 Nc6 6. Qd3 g6 7. Nc3 Bg7 8. Be3
Nf6 9. h3 O-O 10. Be2 Be6 11. Nd5 Nd7 12. O-O Rc8 13. Nd2 Nc5 14. Bxc5 dxc5 15.
Rad1 Nd4 16. Nb3 Bd7 17. Nxd4 cxd4 18. f4 e6 19. Nb4 Qb6 20. a3 Rxc4 21. Kh1
Rc7 22. f5 a5 23. fxe6 fxe6 24. Rxf8+ Bxf8 25. Nc2 Ba4 26. Rd2 Bh6 27. b3 Bxd2
28. Qxd2 Bxb3 29. Qxd4 Qxd4 30. Nxd4 Bc4 31. Bg4 e5 32. Ne6 Bxe6 33. Bxe6+ Kg7
34. a4 Rc1+ 35. Kh2 Ra1 36. Bb3 Ra3 37. Bd1 Rd3 38. Bc2 Rc3 39. Bd1 Rc4 40. Kg3
Rxe4 41. Kf3 Rd4 42. Bc2 Kf6 43. Ke3 Ke6 44. Be4 Rxa4 45. Bxb7 Rb4 46. Bc8+ Kd5
47. Bd7 a4 48. Be8 Ke6 49. h4 a3 50. h5 a2 51. hxg6 a1=Q 52. g7 Qc3+ 53. Ke2
Rb2+ 54. Kd1 Qd2# 0-1

[Event "C.to Mondiale U12"]
[Site "Al Ain UAE"]
[Date "2013.12.24"]
[Round "8"]
[White "Pitzanti, Matteo"]
[Black "Oboladze, Luka"]
[WhiteElo "1850"]
[BlackElo "1728"]
[Result "1-0"]
[PlyCount "57"]
[EventDate "2013.12.18"]

1. e4 c5 2. Nf3 d6 3. Bb5+ Nc6 4. c3 a6 5. Ba4 b5 6. Bc2 Nf6 7. h3 g6 8. O-O
Bg7 9. Qe2 O-O 10. Rd1 d5 11. e5 Nd7 12. d4 e6 13. Bf4 Rb8 14. a3 a5 15. Nbd2
Qb6 16. dxc5 Nxc5 17. Be3 a4 18. b4 axb3 19. Nxb3 d4 20. Nbxd4 Nxd4 21. cxd4
Nd7 22. Ng5 Bb7 23. d5 Qa5 24. dxe6 Nxe5 25. Bd4 f6 26. e7 Rfe8 27. Bb3+ Kh8
28. Bxe5 fxg5 29. Bxb8 1-0

[Event "C.to Mondiale U12"]
[Site "Al Ain UAE"]
[Date "2013.12.26"]
[Round "9"]
[White "Keinanen, Toivo"]
[Black "Di Benedetto, Edoardo"]
[WhiteElo "1670"]
[BlackElo "1955"]
[Result "0-1"]
[PlyCount "70"]
[EventDate "2013.12.18"]

1. e4 e6 2. d4 d5 3. Nc3 Nf6 4. Bg5 Be7 5. e5 Nfd7 6. h4 a6 7. Qg4 Bxg5 8. hxg5
c5 9. g6 f5 10. exf6 Nxf6 11. Qh4 cxd4 12. Qxd4 Nc6 13. Qh4 Qb6 14. O-O-O h6
15. Bd3 Bd7 16. g4 O-O-O 17. Kb1 Rhf8 18. Nge2 e5 19. f3 Nb4 20. g5 hxg5 21.
Qxg5 Nxd3 22. cxd3 d4 23. Ne4 Nxe4 24. fxe4 Rf2 25. Rd2 Qf6 26. Qg3 Kb8 27. Rh5
Rf1+ 28. Kc2 Rc8+ 29. Nc3 Ba4+ 30. b3 Rxc3+ 31. Kb2 Rb1+ 32. Ka3 Qd6+ 33. Kxa4
Qc6+ 34. Kb4 Qb5+ 35. Ka3 Qa5# 0-1

[Event "C.to Mondiale U12"]
[Site "Al Ain UAE"]
[Date "2013.12.26"]
[Round "9"]
[White "Zhalmakhanov, Ramazan"]
[Black "Pitzanti, Matteo"]
[WhiteElo "2059"]
[BlackElo "1850"]
[Result "1/2-1/2"]
[PlyCount "145"]
[EventDate "2013.12.18"]

1. e4 c5 2. Nf3 d6 3. d4 cxd4 4. Nxd4 Nf6 5. Nc3 a6 6. Bc4 e6 7. O-O b5 8. Bb3
Be7 9. Qf3 Qb6 10. Be3 Qb7 11. Qg3 O-O 12. Bh6 Ne8 13. Rad1 Kh8 14. Be3 b4 15.
Nd5 Bd8 16. c3 a5 17. cxb4 axb4 18. Rc1 Bd7 19. Qf3 exd5 20. Bxd5 Qa6 21. e5
dxe5 22. Bxa8 exd4 23. Bxd4 Be6 24. Bc5 Rg8 25. Bxb4 Nf6 26. a3 Nbd7 27. Qb7
Qe2 28. Qf3 Qxb2 29. Rfd1 Bb6 30. h3 Ne5 31. Qg3 Nh5 32. Qh4 Rxa8 33. Bc3 Qxf2+
34. Qxf2 Bxf2+ 35. Kxf2 Nc4 36. a4 h6 37. Ra1 Nf4 38. a5 Nd5 39. Be1 Nde3 40.
Rdc1 Nf5 41. a6 Ne5 42. Rc3 Bc4 43. a7 Nd4 44. Rxc4 Nxc4 45. Ra4 Ne6 46. Rxc4
Rxa7 47. Rc2 Kh7 48. Bd2 Kg6 49. Be3 Ra3 50. Rc6 Kf5 51. Rc4 Ke5 52. Rb4 f5 53.
Rb5+ Ke4 54. Rb4+ Ke5 55. Rb5+ Kf6 56. Rd5 Ra4 57. Kf3 h5 58. Kf2 g5 59. Bd2
Ra3 60. Bc1 Ra2+ 61. Kf3 g4+ 62. hxg4 hxg4+ 63. Kg3 Rc2 64. Bd2 Nc5 65. Be3 Ne6
66. Bd2 Rc4 67. Bh6 Re4 68. Bd2 Rc4 69. Bh6 Ra4 70. Bd2 Ra3+ 71. Kf2 Ra2 72.
Kg3 Ra3+ 73. Kf2 1/2-1/2

[Event "C.to Mondiale U12"]
[Site "Al Ain UAE"]
[Date "2013.12.27"]
[Round "10"]
[White "Di Benedetto, Edoardo"]
[Black "Nydick, Brandon"]
[WhiteElo "1955"]
[BlackElo "1776"]
[Result "1-0"]
[PlyCount "111"]
[EventDate "2013.12.18"]

1. e4 e6 2. d4 d5 3. Nc3 Nf6 4. Bg5 Be7 5. e5 Nfd7 6. Bxe7 Qxe7 7. f4 a6 8. Nf3
c5 9. Qd2 Nc6 10. Ne2 b5 11. g3 O-O 12. Bg2 f6 13. exf6 Nxf6 14. dxc5 Ne4 15.
Qe3 Nb4 16. Nfd4 Qxc5 17. c3 Nc6 18. Bxe4 dxe4 19. Qxe4 Bb7 20. Rf1 Rad8 21.
Nxe6 Qe7 22. Ng5 Qxe4 23. Nxe4 Nb4 24. cxb4 Bxe4 25. Rd1 Rde8 26. Kf2 Bg6 27.
Rd6 Rf7 28. Nc3 Bh5 29. Re1 Ref8 30. Re5 Bg6 31. Red5 Re7 32. Rd8 Be8 33. Rd3
Kf7 34. Nd5 Rb7 35. Rc3 g5 36. Rc7+ Rxc7 37. Nxc7 gxf4 38. gxf4 Kg6 39. Kg3 Kf7
40. Rxe8 Rxe8 41. Nxe8 Kxe8 42. Kg4 Ke7 43. Kf5 Kf7 44. b3 h6 45. h3 Kg7 46.
Ke6 Kf8 47. Kf6 h5 48. h4 Kg8 49. Ke7 a5 50. bxa5 b4 51. a6 Kh7 52. f5 Kh6 53.
a7 Kg7 54. a8=Q Kh7 55. Kf7 Kh6 56. Qh8# 1-0

[Event "C.to Mondiale U12"]
[Site "Al Ain UAE"]
[Date "2013.12.27"]
[Round "10"]
[White "Pitzanti, Matteo"]
[Black "Gungl, Theo"]
[WhiteElo "1850"]
[BlackElo "1997"]
[Result "0-1"]
[PlyCount "98"]
[EventDate "2013.12.18"]

1. e4 c5 2. Nf3 d6 3. d4 cxd4 4. Nxd4 Nf6 5. Nc3 a6 6. Be3 e6 7. f3 b5 8. Qd2
Nbd7 9. O-O-O Nb6 10. g4 Nfd7 11. h4 Ne5 12. Qg2 Bb7 13. Nb3 Nec4 14. Bg1 Qc7
15. Nd2 Rc8 16. Nxc4 Nxc4 17. Bxc4 Qxc4 18. Rd4 Qc6 19. a3 Be7 20. g5 a5 21.
Qd2 Ba6 22. Na2 b4 23. Kb1 bxa3 24. b3 Bb5 25. Be3 a4 26. Rc1 O-O 27. h5 Rfd8
28. g6 Bf6 29. gxh7+ Kxh7 30. Rb4 axb3 31. cxb3 Qa6 32. Rd1 d5 33. e5 Bxe5 34.
Rg4 f5 35. Rh4 Rb8 36. Bd4 Bxd4 37. Qxd4 Qb6 38. Qd2 Bc4 39. b4 Rdc8 40. h6 g6
41. Re1 Rb7 42. Re3 Rbc7 43. Re1 Bxa2+ 44. Qxa2 Rc4 45. Rxc4 Rxc4 46. Qxa3
Rxb4+ 47. Kc1 Qc5+ 48. Kd1 Rd4+ 49. Ke2 Qxa3 0-1

[Event "C.to Mondiale U12"]
[Site "Al Ain UAE"]
[Date "2013.12.28"]
[Round "11"]
[White "Keinanen, Toivo"]
[Black "Pitzanti, Matteo"]
[WhiteElo "1670"]
[BlackElo "1850"]
[Result "1-0"]
[PlyCount "119"]
[EventDate "2013.12.18"]

1. e4 c5 2. Nf3 d6 3. d4 cxd4 4. Nxd4 Nf6 5. Nc3 a6 6. f3 e5 7. Nb3 Be6 8. Be3
Nbd7 9. Qd2 b5 10. O-O-O Nb6 11. Kb1 Qc7 12. g4 h6 13. h4 Nfd7 14. Rh2 Rb8 15.
Nd5 Bxd5 16. exd5 Nc4 17. Bxc4 bxc4 18. Qc3 Nf6 19. Re2 Rb5 20. Red2 a5 21. Ka1
Be7 22. Nc1 Kd7 23. Qa3 Rhb8 24. c3 Qb7 25. Qa4 Rc8 26. g5 hxg5 27. hxg5 Nh5
28. Qc2 g6 29. a4 Rbc5 30. Qe4 R5c7 31. Qg4+ Ke8 32. f4 exf4 33. Bxf4 Rb8 34.
Re1 Kf8 35. Rxe7 Rxe7 36. Bxd6 Kg8 37. Bxe7 Qxe7 38. d6 Qe1 39. Rd1 Qf2 40. Qe2
Qxe2 41. Nxe2 Rd8 42. Rd5 f5 43. d7 Kf7 44. Nd4 Nf4 45. Rxa5 Rxd7 46. Nxf5 Rd1+
47. Ka2 Ne2 48. Ne3 Nc1+ 49. Ka3 Re1 50. Nxc4 Nd3 51. Rd5 Ra1+ 52. Kb3 Nc1+ 53.
Kb4 Na2+ 54. Kc5 Nc1 55. a5 Ke6 56. Re5+ Kd7 57. Kb5 Nd3 58. Rd5+ Kc7 59. Rxd3
Rg1 60. Rd5 1-0

[Event "C.to Mondiale U12"]
[Site "Al Ain UAE"]
[Date "2013.12.28"]
[Round "11"]
[White "Li, Ruifeng"]
[Black "Di Benedetto, Edoardo"]
[WhiteElo "2291"]
[BlackElo "1955"]
[Result "1/2-1/2"]
[PlyCount "133"]
[EventDate "2013.12.18"]

1. e4 e6 2. d4 d5 3. Nc3 Nf6 4. Bg5 Be7 5. e5 Nfd7 6. h4 a6 7. Qg4 Bxg5 8. hxg5
c5 9. dxc5 Nxe5 10. Qg3 Nbc6 11. O-O-O Qa5 12. f4 Ng6 13. f5 Nge7 14. Kb1 Nxf5
15. Qf2 Bd7 16. g4 Nfe7 17. Nge2 O-O-O 18. Nc1 Ne5 19. Nb3 Qc7 20. Be2 Bc6 21.
Rh3 N7g6 22. Qd4 Nd7 23. Qxg7 Qe5 24. Qxe5 Ndxe5 25. Nd4 Nf4 26. Rh2 Nxe2 27.
Rxe2 Nxg4 28. Rg1 h5 29. g6 e5 30. g7 Rhg8 31. Nf5 Kd7 32. Nd1 Ke6 33. Nde3 d4
34. Nxg4 hxg4 35. Rf2 Be4 36. Nd6 Rxd6 37. cxd6 f5 38. Kc1 Rxg7 39. Kd2 g3 40.
Re2 Kxd6 41. c3 d3 42. Re3 f4 43. Rxe4 f3 44. Ke3 f2 45. Rd1 Rf7 46. Rg4 f1=Q
47. Rxf1 Rxf1 48. Rxg3 Rd1 49. Ke4 d2 50. Rd3+ Ke6 51. Ke3 Ra1 52. Rxd2 Rxa2
53. Rh2 Kd5 54. Kd3 e4+ 55. Kc2 Ra1 56. Rh5+ Ke6 57. Kd2 Rb1 58. b4 Rg1 59. Ke3
Rg3+ 60. Kxe4 Rxc3 61. Rh6+ Kd7 62. Kd5 Kc7 63. Rg6 Kb8 64. Rh6 Ka7 65. Rg6 Rh3
66. Rg4 Kb6 67. Kc4 1/2-1/2